[Event "48th Reggio Emilia it"]
[Site "Reggio Emilia ITA"]
[Date "2005.12.29"]
[Round "1"]
[White "Cebalo, Miso"]
[Black "Fercec, Nenad"]
[Result "1/2-1/2"]
[WhiteElo "2512"]
[BlackElo "2512"]
[EventDate "2005.12.29"]
[PlyCount "42"]

1.d4 d5 2.Bf4 Nc6 3.e3 Nf6 4.Be2 Bf5 5.a3 e6 6.Nf3 h6 7.c4 Bd6 8.Bg3 dxc4 
9.Bxc4 O-O 10.Nc3 a6 11.O-O b5 12.Be2 Re8 13.Rc1 Na5 14.Ne5 Bxe5 15.Bxe5 
Nc4 16.Bxf6 Qxf6 17.Bxc4 bxc4 18.e4 Bg6 19.f3 Red8 20.Ne2 Rab8 21.Qd2 c5 
1/2-1/2

[Event "48th Reggio Emilia it"]
[Site "Reggio Emilia ITA"]
[Date "2005.12.29"]
[Round "1"]
[White "Franchini, Gabriele"]
[Black "Landa, Konstantin"]
[Result "0-1"]
[WhiteElo "2315"]
[BlackElo "2600"]
[EventDate "2005.12.29"]
[PlyCount "56"]

1.e4 c5 2.Nf3 e6 3.c3 d5 4.exd5 Qxd5 5.d4 Nf6 6.Na3 Nc6 7.Nb5 Qd8 8.dxc5 
Bxc5 9.Qxd8+ Kxd8 10.b4 Be7 11.Bf4 Nd5 12.Rd1 Bd7 13.Ne5 Nxe5 14.Bxe5 f6 
15.Bd4 a6 16.Na3 a5 17.Bb5 axb4 18.Bxd7 Kxd7 19.c4 Rxa3 20.cxd5 e5 21.d6 
Bd8 22.Be3 Rxa2 23.O-O Ra5 24.f4 Re8 25.fxe5 Rexe5 26.Bf4 Re4 27.Bg3 b3 
28.Rd3 Bb6+ 0-1

[Event "48th Reggio Emilia it"]
[Site "Reggio Emilia ITA"]
[Date "2005.12.29"]
[Round "1"]
[White "Vocaturo, Daniele"]
[Black "Ronchetti, Niccolo"]
[Result "1/2-1/2"]
[WhiteElo "2364"]
[BlackElo "2402"]
[EventDate "2005.12.29"]
[PlyCount "104"]

1.e4 c5 2.Nf3 Nc6 3.d4 cxd4 4.Nxd4 Nf6 5.Nc3 e5 6.Ndb5 d6 7.Bg5 a6 8.Na3 
b5 9.Bxf6 gxf6 10.Nd5 f5 11.c3 Bg7 12.Bd3 Be6 13.Nxb5 Bxd5 14.exd5 Ne7 15.
Na3 e4 16.Bc2 O-O 17.O-O Qc8 18.Qh5 Rb8 19.Rab1 Qc5 20.Qg5 Nxd5 21.b4 Qc6 
22.c4 Nxb4 23.Qxf5 Nxc2 24.Nxc2 Qxc4 25.Ne3 Qxa2 26.Qxe4 Qe6 27.Qd3 a5 28.
Nd5 Kh8 29.Rbe1 Qg6 30.Qa3 Rb5 31.Qf3 a4 32.Ne7 Qf6 33.Qc6 Re5 34.Nd5 Qe6 
35.Nc7 Qe7 36.Nd5 Qe8 37.Qc1 Qa8 38.Rxe5 Bxe5 39.Nb6 Qa7 40.Nc4 Qc5 41.
Nxe5 Qxe5 42.Re1 Qf6 43.h3 Rg8 44.Re4 Qf3 45.Qa1+ f6 46.Rg4 Rxg4 47.hxg4 
Qf4 48.g3 Qe5 49.Qxa4 d5 50.Kg2 Kg7 51.Qd7+ Kg6 52.Qc8 Qe4+ 1/2-1/2

[Event "48th Reggio Emilia it"]
[Site "Reggio Emilia ITA"]
[Date "2005.12.29"]
[Round "1"]
[White "Zimina, Olga"]
[Black "Piscopo, Pierluigi"]
[Result "0-1"]
[WhiteElo "2397"]
[BlackElo "2399"]
[EventDate "2005.12.29"]
[PlyCount "70"]

1.e4 c5 2.Nf3 e6 3.c4 Nc6 4.Nc3 e5 5.d3 d6 6.Be2 Be7 7.O-O f5 8.exf5 Bxf5 
9.Ne1 Nf6 10.Bf3 O-O 11.Nc2 Rb8 12.Ne3 Bg6 13.Ned5 Nd4 14.Nxf6+ Bxf6 15.
Bd5+ Kh8 16.Be3 b5 17.cxb5 Nxb5 18.Ne4 Nc7 19.Bb3 Be7 20.f3 d5 21.Nf2 Ne6 
22.Rc1 Qd6 23.Qe1 Bd8 24.Bd2 Nd4 25.Qe3 Bb6 26.Kh1 c4 27.dxc4 Nxb3 28.Qxb3
Bxf2 29.Qa4 Bd4 30.Ba5 Bd3 31.Rfd1 dxc4 32.b3 e4 33.fxe4 Bxe4 34.Rd2 Qf4 
35.Qxc4 Be5 0-1

[Event "48th Reggio Emilia it"]
[Site "Reggio Emilia ITA"]
[Date "2005.12.30"]
[Round "2"]
[White "Franchini, Gabriele"]
[Black "Vocaturo, Daniele"]
[Result "0-1"]
[WhiteElo "2315"]
[BlackElo "2364"]
[EventDate "2005.12.29"]
[PlyCount "82"]

1.e4 c5 2.c3 Nf6 3.e5 Nd5 4.Nf3 e6 5.Na3 d6 6.exd6 Bxd6 7.Nc4 O-O 8.Nxd6 
Qxd6 9.d4 cxd4 10.Nxd4 Rd8 11.Be2 e5 12.Nf3 e4 13.Nd4 Qg6 14.Rg1 Na6 15.
Bxa6 Qxa6 16.Qe2 Qg6 17.Be3 Bg4 18.Qd2 h6 19.Kf1 Rac8 20.f3 Bd7 21.f4 b5 
22.Kf2 Nb6 23.b3 Nd5 24.Rac1 Qf6 25.g3 Bg4 26.Rge1 Rd7 27.Qb2 b4 28.cxb4 
Rxc1 29.Rxc1 Nxb4 30.Rc8+ Kh7 31.Qc3 Nd5 32.Qc5 Nxe3 33.Kxe3 Rxd4 34.Rc6 
Rd3+ 35.Kxe4 Qxc6+ 36.Qxc6 Bf3+ 37.Kxd3 Bxc6 38.Kc4 Kg6 39.a4 Kf5 40.Kc5 
Bf3 41.b4 Ke6 0-1

[Event "48th Reggio Emilia it"]
[Site "Reggio Emilia ITA"]
[Date "2005.12.30"]
[Round "2"]
[White "Kotronias, Vasilios"]
[Black "Cebalo, Miso"]
[Result "1-0"]
[WhiteElo "2626"]
[BlackElo "2512"]
[EventDate "2005.12.29"]
[PlyCount "131"]

1.e4 c5 2.Nf3 d6 3.d4 cxd4 4.Nxd4 Nf6 5.Nc3 g6 6.Be3 Bg7 7.f3 O-O 8.Qd2 
Nc6 9.Bc4 Bd7 10.O-O-O Rc8 11.Bb3 Nxd4 12.Bxd4 b5 13.Nd5 Nxd5 14.Bxg7 Kxg7
15.exd5 a5 16.a3 b4 17.axb4 axb4 18.Qxb4 Kg8 19.Rhe1 Re8 20.Rd4 Rb8 21.Qd2
Ra8 22.Kd1 Bb5 23.Qc3 Rc8 24.Qb4 Rc5 25.c4 Bd7 26.h4 Qc7 27.h5 gxh5 28.Bc2
e5 29.Qd2 f6 30.Qh6 Re7 31.b3 Ra5 32.Rd2 Rg7 33.Ke2 Ra8 34.Kf1 Qa5 35.Rf2 
Rf8 36.Qxh5 Qc3 37.Qh6 Qd4 38.Rd2 Qc5 39.Qe3 Qb4 40.Ra1 f5 41.Re2 f4 42.
Qd2 Qb8 43.Qc3 Qd8 44.Ke1 Qh4+ 45.Kd2 Qh2 46.g4 Qg3 47.Be4 Bxg4 48.fxg4 f3
49.Rf1 Qf4+ 50.Qe3 fxe2 51.Rxf4 Rxf4 52.Bf5 h5 53.Qb6 hxg4 54.Qd8+ Kf7 55.
Qxd6 g3 56.Qe6+ Kf8 57.Qf6+ Kg8 58.Be6+ Kh7 59.Qxe5 Rh4 60.Bf5+ Kh8 61.Be6
g2 62.Qb8+ Kh7 63.Bf5+ Rg6 64.Bxg6+ Kh6 65.Qf8+ Kg5 66.Qe7+ 1-0

[Event "48th Reggio Emilia it"]
[Site "Reggio Emilia ITA"]
[Date "2005.12.30"]
[Round "2"]
[White "Landa, Konstantin"]
[Black "Fercec, Nenad"]
[Result "1-0"]
[WhiteElo "2600"]
[BlackElo "2512"]
[EventDate "2005.12.29"]
[PlyCount "57"]

1.d4 d5 2.c4 Nc6 3.Nc3 dxc4 4.Nf3 Nf6 5.e4 Bg4 6.Be3 e6 7.Bxc4 Bb4 8.Qc2 
O-O 9.O-O-O Bxc3 10.bxc3 Qe7 11.h3 Bxf3 12.gxf3 Rfb8 13.Bd3 b5 14.Kd2 e5 
15.Rb1 a6 16.Rhg1 Qd6 17.d5 Na5 18.Qb2 c6 19.Qb4 Qd8 20.Bg5 Nc4+ 21.Bxc4 
bxc4 22.Qxb8 Rxb8 23.Bxf6 Qd6 24.Rxg7+ Kf8 25.Rxh7 Qxf6 26.Rxb8+ Ke7 27.
Ke2 Qf4 28.Rb7+ Kd6 29.Rhxf7 1-0

[Event "48th Reggio Emilia it"]
[Site "Reggio Emilia ITA"]
[Date "2005.12.30"]
[Round "2"]
[White "Piscopo, Pierluigi"]
[Black "Yevseev, Denis"]
[Result "1/2-1/2"]
[WhiteElo "2399"]
[BlackElo "2554"]
[EventDate "2005.12.29"]
[PlyCount "62"]

1.e4 c5 2.Nc3 Nc6 3.Bb5 Nd4 4.Bc4 e6 5.Nf3 a6 6.Nxd4 cxd4 7.Ne2 Nf6 8.d3 
Bc5 9.O-O d5 10.exd5 Nxd5 11.Nf4 Nxf4 12.Bxf4 O-O 13.Qh5 Bd6 14.Bxd6 Qxd6 
15.f4 Bd7 16.Qe5 Qxe5 17.fxe5 Ba4 18.Bb3 Bxb3 19.cxb3 Rac8 20.Rac1 Rfd8 
21.Kf2 f5 22.exf6 gxf6 23.b4 Kf7 24.Kf3 f5 25.g4 fxg4+ 26.Kxg4+ Ke7 27.Kf3
Rf8+ 28.Ke4 Rxc1 29.Rxc1 Kd6 30.Rc5 Rf2 31.Rh5 Rxb2 1/2-1/2

[Event "48th Reggio Emilia it"]
[Site "Reggio Emilia ITA"]
[Date "2005.12.30"]
[Round "2"]
[White "Ronchetti, Niccolo"]
[Black "Zimina, Olga"]
[Result "0-1"]
[WhiteElo "2402"]
[BlackElo "2397"]
[EventDate "2005.12.29"]
[PlyCount "80"]

1.e4 c6 2.d4 d5 3.exd5 cxd5 4.c4 Nf6 5.Nc3 g6 6.cxd5 Nxd5 7.Qb3 Nb6 8.Nf3 
Be6 9.Bb5+ Nc6 10.Qd1 Bg7 11.O-O O-O 12.Be3 Rc8 13.Rc1 Nb4 14.Ng5 Bc4 15.
Bxc4 Nxc4 16.Qf3 Nxe3 17.fxe3 e5 18.Nce4 Rxc1 19.Rxc1 exd4 20.exd4 h6 21.
Nh3 Qxd4+ 22.Kh1 Qxb2 23.Rf1 Qxa2 24.Nf4 Rd8 25.Nc5 Nc2 26.Nxb7 Nd4 27.Qe4
Rb8 28.Kg1 Nf5 29.Rd1 Qb3 30.Rb1 Qe3+ 31.Qxe3 Nxe3 32.Nd3 Bd4 33.Kh1 a5 
34.h3 a4 35.Rb4 Bc3 36.Rb5 a3 37.Nc1 Nf5 38.Na2 Bb2 39.Kh2 Nd4 40.Rb4 Ne2 
0-1

[Event "48th Reggio Emilia it"]
[Site "Reggio Emilia ITA"]
[Date "2005.12.31"]
[Round "3"]
[White "Fercec, Nenad"]
[Black "Kotronias, Vasilios"]
[Result "1/2-1/2"]
[WhiteElo "2512"]
[BlackElo "2626"]
[EventDate "2005.12.29"]
[PlyCount "102"]

1.e4 c5 2.Nf3 Nc6 3.d4 cxd4 4.Nxd4 Nf6 5.Nc3 d6 6.Bg5 e6 7.Qd2 a6 8.O-O-O 
Bd7 9.f4 b5 10.Bxf6 gxf6 11.Kb1 Qb6 12.Nxc6 Bxc6 13.Qe1 Ra7 14.f5 Qc5 15.
Bd3 b4 16.Ne2 e5 17.Qh4 Be7 18.Nc1 a5 19.Nb3 Qb6 20.Nd2 a4 21.Nc4 Qc5 22.
Rd2 Rd7 23.Rhd1 Kd8 24.Be2 Kc7 25.b3 d5 26.exd5 Rxd5 27.Rxd5 Bxd5 28.Bf3 
Bxf3 29.gxf3 Rd8 30.Rc1 Qd4 31.Qxh7 Rf8 32.Qg7 a3 33.Qg2 Bc5 34.c3 bxc3 
35.Qc2 Rg8 36.Qxc3 Qxc3 37.Rxc3 Kb7 38.b4 Bxb4 39.Rb3 Kc6 40.Rxb4 Kc5 41.
Ra4 Kb5 42.Rxa3 Kxc4 43.Ra7 Rg5 44.Rc7+ Kd3 45.a4 Rxf5 46.Kb2 Kd4 47.a5 e4
48.fxe4 Rxa5 49.Rxf7 Rh5 50.Rxf6 Rxh2+ 51.Kb3 Kxe4 1/2-1/2

[Event "48th Reggio Emilia it"]
[Site "Reggio Emilia ITA"]
[Date "2005.12.31"]
[Round "3"]
[White "Vocaturo, Daniele"]
[Black "Landa, Konstantin"]
[Result "0-1"]
[WhiteElo "2364"]
[BlackElo "2600"]
[EventDate "2005.12.29"]
[PlyCount "86"]

1.e4 e5 2.Nf3 Nc6 3.Bb5 Nf6 4.O-O Nxe4 5.Re1 Nd6 6.Nxe5 Nxe5 7.Rxe5+ Be7 
8.Nc3 O-O 9.Bd3 Re8 10.b3 Bf6 11.Re1 Rxe1+ 12.Qxe1 Ne8 13.Ba3 d5 14.Qe2 
Be6 15.Re1 c6 16.Qf3 Qa5 17.Bb2 Qb4 18.Bf5 Nc7 19.Bxe6 Nxe6 20.Qf5 h6 21.
a3 Qd6 22.Nd1 Bxb2 23.Nxb2 Qxa3 24.Nd3 Qe7 25.Qe5 Qg5 26.Qc3 a5 27.Ne5 Qf4
28.Qd3 Nc5 29.Qe2 Re8 30.g3 Qf5 31.d4 f6 32.Qd1 Ne4 33.Nd3 Kf7 34.f3 Nc3 
35.Qd2 Rxe1+ 36.Nxe1 Nb5 37.c4 dxc4 38.bxc4 Na3 39.Qc3 Qb1 40.Qxa5 Nxc4 
41.Qc7+ Kg6 42.Kf1 Qb5 43.Qe7 Nd2+ 0-1

[Event "48th Reggio Emilia it"]
[Site "Reggio Emilia ITA"]
[Date "2005.12.31"]
[Round "3"]
[White "Yevseev, Denis"]
[Black "Ronchetti, Niccolo"]
[Result "1-0"]
[WhiteElo "2554"]
[BlackElo "2402"]
[EventDate "2005.12.29"]
[PlyCount "53"]

1.Nf3 Nf6 2.c4 c6 3.Nc3 d5 4.e3 g6 5.d4 Bg7 6.Bd3 O-O 7.O-O Na6 8.cxd5 
cxd5 9.Bxa6 bxa6 10.Ne5 Qd6 11.Bd2 Rb8 12.a3 Rxb2 13.Na4 Rb8 14.Bb4 Qe6 
15.Rc1 Re8 16.Rc6 Qf5 17.Rc7 Rb7 18.Rxb7 Bxb7 19.Nc5 Bc8 20.Qa4 Qg5 21.
Ncd3 Bf5 22.Nf4 e6 23.Qc6 Bf8 24.Qc7 Bxb4 25.Qxf7+ Kh8 26.axb4 Be4 27.
Qxe8+ 1-0

[Event "48th Reggio Emilia it"]
[Site "Reggio Emilia ITA"]
[Date "2005.12.31"]
[Round "3"]
[White "Zimina, Olga"]
[Black "Franchini, Gabriele"]
[Result "1-0"]
[WhiteElo "2397"]
[BlackElo "2315"]
[EventDate "2005.12.29"]
[PlyCount "109"]

1.e4 e6 2.d4 d5 3.Nd2 dxe4 4.Nxe4 Bd7 5.Nf3 Bc6 6.Bd3 Nd7 7.O-O Ngf6 8.
Ned2 Be7 9.Nc4 Be4 10.Bf4 Bxd3 11.Qxd3 O-O 12.Rad1 Re8 13.Rfe1 Nf8 14.Bg3 
Ng6 15.Nfe5 Nxe5 16.Bxe5 Rc8 17.Qg3 Qd5 18.b3 Nh5 19.Qh3 g6 20.Ne3 Qe4 21.
c4 Bb4 22.f3 Qc6 23.Re2 f6 24.Bg3 Nxg3 25.hxg3 Kg7 26.Nc2 Bf8 27.Rde1 f5 
28.g4 Rcd8 29.Qh4 Be7 30.g5 Bf8 31.Kh1 Qd7 32.d5 exd5 33.Nd4 Rxe2 34.Rxe2 
dxc4 35.Ne6+ Kh8 36.Nxd8 Qd1+ 37.Qe1 Qxd8 38.Re8 Qd6 39.Qc3+ Kg8 40.Qxc4+ 
Kg7 41.Re1 Qg3 42.Qd4+ Kg8 43.Qd5+ Kg7 44.Qd7+ Kg8 45.Qe6+ Kg7 46.Qf6+ Kg8
47.Re8 Qh4+ 48.Kg1 Qb4 49.f4 Qa3 50.Qe6+ Kg7 51.Qd7+ Kg8 52.Qxc7 Qxa2 53.
Qc4+ Kg7 54.Qd4+ Kf7 55.Qd7+ 1-0

[Event "48th Reggio Emilia it"]
[Site "Reggio Emilia ITA"]
[Date "2006.01.01"]
[Round "4"]
[White "Franchini, Gabriele"]
[Black "Yevseev, Denis"]
[Result "0-1"]
[WhiteElo "2315"]
[BlackElo "2554"]
[EventDate "2005.12.29"]
[PlyCount "80"]

1.e4 c5 2.Nf3 d6 3.d4 Nf6 4.dxc5 Nxe4 5.cxd6 Nc6 6.Be2 Nxd6 7.O-O g6 8.Nd4
Bg7 9.Nxc6 bxc6 10.c3 O-O 11.Qa4 Qc7 12.Nd2 Be6 13.Nb3 Bd5 14.c4 Be6 15.
Nc5 Bc8 16.Bd2 Nf5 17.Rfe1 Bxb2 18.Rab1 Bd4 19.Nd3 Bd7 20.c5 e5 21.Ba5 Qc8
22.Bf3 Re8 23.g3 h5 24.Rbc1 h4 25.Kg2 Rb8 26.Re4 h3+ 27.Kg1 Rb5 28.Bd2 Qb8
29.Bg4 Rb1 30.Bxh3 Rxc1+ 31.Bxc1 Nxg3 32.hxg3 Bxh3 33.Rxd4 exd4 34.Qxd4 
Qd8 35.Qc3 Bf5 36.Nf4 Qd1+ 37.Kg2 Be4+ 38.Kh3 Qf3 39.Bb2 Bf5+ 40.Kh2 Qxc3 
0-1

[Event "48th Reggio Emilia it"]
[Site "Reggio Emilia ITA"]
[Date "2006.01.01"]
[Round "4"]
[White "Piscopo, Pierluigi"]
[Black "Fercec, Nenad"]
[Result "1/2-1/2"]
[WhiteElo "2399"]
[BlackElo "2512"]
[EventDate "2005.12.29"]
[PlyCount "28"]

1.e4 c5 2.Nc3 d6 3.d4 cxd4 4.Qxd4 Nc6 5.Bb5 Bd7 6.Bxc6 Bxc6 7.Bg5 Nf6 8.f3
e6 9.O-O-O Be7 10.Qd2 Qa5 11.Kb1 Qa6 12.Nge2 Rd8 13.Nf4 b5 14.Rhe1 Qb7 
1/2-1/2

[Event "48th Reggio Emilia it"]
[Site "Reggio Emilia ITA"]
[Date "2006.01.01"]
[Round "4"]
[White "Ronchetti, Niccolo"]
[Black "Cebalo, Miso"]
[Result "1/2-1/2"]
[WhiteElo "2402"]
[BlackElo "2512"]
[EventDate "2005.12.29"]
[PlyCount "58"]

1.e4 c5 2.Nf3 d6 3.d4 cxd4 4.Nxd4 Nf6 5.Nc3 g6 6.Be3 Bg7 7.f3 O-O 8.Qd2 
Nc6 9.O-O-O d5 10.Kb1 Nxd4 11.e5 Nf5 12.exf6 Bxf6 13.Nxd5 Qxd5 14.Qxd5 
Nxe3 15.Qd2 Nxd1 16.Qxd1 Be6 17.Bb5 a6 18.Ba4 Rfd8 19.Qe2 Rd4 20.Bb3 Bxb3 
21.axb3 Rad8 22.g3 R8d6 23.Kc1 b5 24.c3 R4d5 25.b4 Kg7 26.Kc2 h5 27.h4 Re6
28.Qf2 Rde5 29.Kd3 Rd5+ 1/2-1/2

[Event "48th Reggio Emilia it"]
[Site "Reggio Emilia ITA"]
[Date "2006.01.01"]
[Round "4"]
[White "Vocaturo, Daniele"]
[Black "Zimina, Olga"]
[Result "1-0"]
[WhiteElo "2364"]
[BlackElo "2397"]
[EventDate "2005.12.29"]
[PlyCount "139"]

1.e4 c6 2.c4 d5 3.exd5 cxd5 4.cxd5 Nf6 5.Nc3 Nxd5 6.Nf3 Nxc3 7.bxc3 g6 8.
Bb5+ Bd7 9.a4 Bg7 10.O-O O-O 11.d4 Nc6 12.Re1 Re8 13.Ng5 h6 14.Ne4 b6 15.
Bc4 Na5 16.Ba2 Rc8 17.Qf3 Nc4 18.d5 Nd6 19.Bd2 Bxa4 20.Bb1 Qd7 21.h4 Bb3 
22.h5 Qf5 23.hxg6 Qxf3 24.gxf3 fxg6 25.Rxa7 Nf5 26.Ba2 Bxa2 27.Rxa2 Red8 
28.Rb2 Nh4 29.Re3 Rxd5 30.Rxb6 Rf5 31.Kf1 Rd8 32.Ke2 Kf7 33.Rb7 Ng2 34.
Ng5+ hxg5 35.Rexe7+ Kf6 36.Rf7+ Ke6 37.Rxg7 Re5+ 38.Kf1 Nf4 39.Rbe7+ Kd6 
40.Bxf4 gxf4 41.Ra7 Rg5 42.Ra6+ Ke5 43.Re7+ Kd5 44.Re4 Rc8 45.Ra5+ Rc5 46.
Rxc5+ Kxc5 47.Rxf4 Rd5 48.Kg2 Rd3 49.c4 Rc3 50.Rg4 Rxc4 51.Rxg6 Kd5 52.Rg4
Rc8 53.Re4 Rg8+ 54.Kf1 Ra8 55.Kg2 Ra3 56.Re8 Ra4 57.Kg3 Ra1 58.Kf4 Ra2 59.
Kg3 Ra3 60.Kg4 Ra2 61.f4 Rxf2 62.f5 Kd6 63.Kg5 Kd7 64.Re1 Rg2+ 65.Kh6 Rh2+
66.Kg6 Rg2+ 67.Kf7 Rf2 68.f6 Rf3 69.Rd1+ Kc7 70.Rd4 1-0

[Event "48th Reggio Emilia it"]
[Site "Reggio Emilia ITA"]
[Date "2006.01.02"]
[Round "5"]
[White "Cebalo, Miso"]
[Black "Franchini, Gabriele"]
[Result "1-0"]
[WhiteElo "2512"]
[BlackElo "2315"]
[EventDate "2005.12.29"]
[PlyCount "63"]

1.d4 Nf6 2.Bg5 e6 3.e4 c5 4.e5 h6 5.Bc1 Nh7 6.d5 d6 7.Nc3 exd5 8.Qxd5 Nc6 
9.Bb5 dxe5 10.Qxe5+ Qe7 11.Bxc6+ bxc6 12.Bf4 g5 13.O-O-O Nf6 14.Bg3 Qxe5 
15.Bxe5 Be7 16.h4 g4 17.Nge2 Be6 18.Nf4 Rg8 19.Rhe1 Nd7 20.Nxe6 fxe6 21.
Bg3 Nf8 22.Ne4 Kf7 23.Rd3 Ng6 24.h5 Nf8 25.c4 Rd8 26.Ra3 Rd7 27.Rd1 Bg5+ 
28.Kc2 e5 29.Nxc5 Rxd1 30.Kxd1 Kf6 31.Rxa7 Ne6 32.Ne4+ 1-0

[Event "48th Reggio Emilia it"]
[Site "Reggio Emilia ITA"]
[Date "2006.01.02"]
[Round "5"]
[White "Fercec, Nenad"]
[Black "Ronchetti, Niccolo"]
[Result "1/2-1/2"]
[WhiteElo "2512"]
[BlackElo "2402"]
[EventDate "2005.12.29"]
[PlyCount "82"]

1.e4 c5 2.Nf3 Nc6 3.d4 cxd4 4.Nxd4 Nf6 5.Nc3 e5 6.Ndb5 d6 7.Bg5 a6 8.Na3 
b5 9.Bxf6 gxf6 10.Nd5 f5 11.Bd3 Be6 12.c3 Bg7 13.Qh5 O-O 14.O-O f4 15.Rfd1
Rb8 16.Nc2 Qd7 17.h3 Kh8 18.Ne1 f5 19.Bc2 Ne7 20.Nxe7 Qxe7 21.exf5 Bg8 22.
Nf3 Bf6 23.h4 Rf7 24.Be4 Rg7 25.Ng5 d5 26.Bxd5 Bxg5 27.hxg5 Rxg5 28.Qf3 
Bxd5 29.Rxd5 Rbg8 30.Kf1 Rxg2 31.Re1 Qc7 32.b3 Rg1+ 33.Ke2 e4 34.Qxe4 
Rxe1+ 35.Kxe1 Qxc3+ 36.Kf1 f3 37.Qe5+ Qxe5 38.Rxe5 Rc8 39.Kg1 Rg8+ 40.Kf1 
Rc8 41.Kg1 Rg8+ 1/2-1/2

[Event "48th Reggio Emilia it"]
[Site "Reggio Emilia ITA"]
[Date "2006.01.02"]
[Round "5"]
[White "Kotronias, Vasilios"]
[Black "Piscopo, Pierluigi"]
[Result "0-1"]
[WhiteElo "2626"]
[BlackElo "2399"]
[EventDate "2005.12.29"]
[PlyCount "80"]

1.e4 c5 2.Nf3 Nc6 3.d4 cxd4 4.Nxd4 Nf6 5.Nc3 e5 6.Ndb5 d6 7.Nd5 Nxd5 8.
exd5 Ne7 9.c3 Nf5 10.a4 g6 11.Bd3 Bg7 12.O-O O-O 13.Qb3 Re8 14.Re1 Bd7 15.
Bd2 a6 16.Na3 Rb8 17.Nc2 Bf6 18.a5 Nh4 19.c4 Bg7 20.f3 Bf5 21.Bxf5 Nxf5 
22.Re4 Ne7 23.Re2 Qc7 24.Ra4 Nf5 25.Kf1 Qd8 26.g3 Qd7 27.Rb4 Nd4 28.Nxd4 
exd4 29.g4 Rxe2 30.Kxe2 h5 31.h3 Qe7+ 32.Kd1 Qh4 33.Rb6 Qxh3 34.gxh5 gxh5 
35.Qd3 h4 36.Rxd6 Qg3 37.Rd7 h3 38.Qf5 Qg1+ 39.Kc2 d3+ 40.Qxd3 h2 0-1

[Event "48th Reggio Emilia it"]
[Site "Reggio Emilia ITA"]
[Date "2006.01.02"]
[Round "5"]
[White "Yevseev, Denis"]
[Black "Vocaturo, Daniele"]
[Result "1-0"]
[WhiteElo "2554"]
[BlackElo "2364"]
[EventDate "2005.12.29"]
[PlyCount "63"]

1.c4 e5 2.Nc3 d6 3.g3 f5 4.d4 e4 5.f3 exf3 6.Nxf3 Nf6 7.Bg2 g6 8.O-O Bg7 
9.Bg5 O-O 10.e4 h6 11.Bxf6 Qxf6 12.exf5 Bxf5 13.Nd5 Qd8 14.Nh4 Nc6 15.Nxf5
Rxf5 16.Rxf5 gxf5 17.Nf4 Bxd4+ 18.Kh1 Qf6 19.Qb3 Na5 20.Qb5 Bb6 21.Qd5+ 
Qf7 22.Re1 c6 23.Qxf7+ Kxf7 24.Bf1 Bc5 25.Rb1 Re8 26.b4 Bxb4 27.Rxb4 Re1 
28.Kg2 Rc1 29.Bd3 Kf6 30.Rb2 Nxc4 31.Rxb7 a5 32.Ne2 1-0

[Event "48th Reggio Emilia it"]
[Site "Reggio Emilia ITA"]
[Date "2006.01.02"]
[Round "5"]
[White "Zimina, Olga"]
[Black "Landa, Konstantin"]
[Result "1/2-1/2"]
[WhiteElo "2397"]
[BlackElo "2600"]
[EventDate "2005.12.29"]
[PlyCount "35"]

1.e4 c5 2.Nf3 Nc6 3.d4 cxd4 4.Nxd4 Nf6 5.Nc3 e6 6.Ndb5 d6 7.Bf4 e5 8.Bg5 
a6 9.Na3 b5 10.Nd5 Be7 11.Bxf6 Bxf6 12.c3 Ne7 13.Nc2 Nxd5 14.Qxd5 Rb8 15.
Nb4 Bb7 16.Qd3 O-O 17.Be2 Qd7 18.O-O 1/2-1/2

[Event "48th Reggio Emilia it"]
[Site "Reggio Emilia ITA"]
[Date "2006.01.03"]
[Round "6"]
[White "Franchini, Gabriele"]
[Black "Fercec, Nenad"]
[Result "0-1"]
[WhiteElo "2315"]
[BlackElo "2512"]
[EventDate "2005.12.29"]
[PlyCount "52"]

1.d4 d5 2.c4 Nc6 3.Nf3 Bg4 4.cxd5 Bxf3 5.dxc6 Bxc6 6.Nc3 e6 7.e4 Bb4 8.f3 
Qh4+ 9.g3 Qh5 10.Be3 f5 11.Bg2 O-O-O 12.Qb3 Bxc3+ 13.bxc3 fxe4 14.fxe4 Nf6
15.Rb1 Rhe8 16.Qb2 Qg6 17.O-O Bxe4 18.d5 b6 19.dxe6 Rxe6 20.Bh3 Ng4 21.
Rbe1 Qh5 22.Bxg4 Qxg4 23.Rf4 Qg6 24.Bd4 Bb7 25.Rxe6 Qxe6 26.Bxg7 Qe3+ 0-1

[Event "48th Reggio Emilia it"]
[Site "Reggio Emilia ITA"]
[Date "2006.01.03"]
[Round "6"]
[White "Ronchetti, Niccolo"]
[Black "Kotronias, Vasilios"]
[Result "1-0"]
[WhiteElo "2402"]
[BlackElo "2626"]
[EventDate "2005.12.29"]
[PlyCount "71"]

1.e4 c5 2.Nf3 Nc6 3.Bb5 g6 4.O-O Bg7 5.c3 Nf6 6.e5 Nd5 7.d4 cxd4 8.cxd4 
O-O 9.Nc3 Nc7 10.Bf4 Nxb5 11.Nxb5 a6 12.Nc3 d6 13.exd6 Bg4 14.d5 Nd4 15.
Qe1 exd6 16.Nxd4 Bxd4 17.Qd2 Qb6 18.Na4 Qa7 19.Bxd6 Rfd8 20.Qf4 Be2 21.
Rfe1 Rxd6 22.Qxd6 Bxf2+ 23.Kh1 Bxe1 24.Rxe1 Qf2 25.Qg3 Qxg3 26.hxg3 b5 27.
Nc5 Bg4 28.b4 a5 29.bxa5 Kf8 30.a6 Rc8 31.Rb1 Ke7 32.Rxb5 Kd6 33.Na4 Bd7 
34.Nb6 Bxb5 35.Nxc8+ Kxd5 36.a7 1-0

[Event "48th Reggio Emilia it"]
[Site "Reggio Emilia ITA"]
[Date "2006.01.03"]
[Round "6"]
[White "Vocaturo, Daniele"]
[Black "Cebalo, Miso"]
[Result "1/2-1/2"]
[WhiteElo "2364"]
[BlackElo "2512"]
[EventDate "2005.12.29"]
[PlyCount "56"]

1.e4 c5 2.Nf3 d6 3.d4 cxd4 4.Nxd4 Nf6 5.Nc3 g6 6.Be3 Bg7 7.f3 O-O 8.Qd2 
Nc6 9.O-O-O d5 10.exd5 Nxd5 11.Nxc6 bxc6 12.Bd4 e5 13.Bc5 Be6 14.Ne4 Re8 
15.h4 h6 16.g4 Qc7 17.g5 h5 18.Bc4 Red8 19.Qf2 Qb7 20.Rhe1 Nf4 21.Bxe6 
Nxe6 22.Bd6 Qa6 23.Kb1 Rd7 24.Rd2 Rad8 25.Red1 Qb5 26.c3 a5 27.Qe2 Qxe2 
28.Rxe2 Nc5 1/2-1/2

[Event "48th Reggio Emilia it"]
[Site "Reggio Emilia ITA"]
[Date "2006.01.03"]
[Round "6"]
[White "Zimina, Olga"]
[Black "Yevseev, Denis"]
[Result "1/2-1/2"]
[WhiteElo "2397"]
[BlackElo "2554"]
[EventDate "2005.12.29"]
[PlyCount "52"]

1.e4 c6 2.d4 d5 3.Nc3 dxe4 4.Nxe4 Bf5 5.Ng3 Bg6 6.h4 h6 7.Nf3 Nd7 8.h5 Bh7
9.Bd3 Bxd3 10.Qxd3 e6 11.Bd2 Qc7 12.O-O-O O-O-O 13.Ne4 Ngf6 14.g3 Nxe4 15.
Qxe4 Bd6 16.c4 c5 17.Bc3 Nf6 18.Qe2 cxd4 19.Nxd4 a6 20.Nf3 Qc5 21.Ne5 Bxe5
22.Bxe5 Rxd1+ 23.Rxd1 Rd8 24.Rxd8+ Kxd8 25.Bxf6+ gxf6 26.Kc2 Ke7 1/2-1/2

[Event "48th Reggio Emilia it"]
[Site "Reggio Emilia ITA"]
[Date "2006.01.04"]
[Round "7"]
[White "Cebalo, Miso"]
[Black "Zimina, Olga"]
[Result "1-0"]
[WhiteElo "2512"]
[BlackElo "2397"]
[EventDate "2005.12.29"]
[PlyCount "93"]

1.d4 d5 2.Nf3 c6 3.c4 e6 4.Qc2 Nf6 5.Bg5 h6 6.Bxf6 Qxf6 7.e3 Nd7 8.Nc3 g6 
9.Bd3 Bg7 10.O-O O-O 11.Rfe1 Qe7 12.a3 Re8 13.Rad1 dxc4 14.Bxc4 Nb6 15.Ba2
c5 16.Ne5 Bd7 17.Nxd7 Nxd7 18.d5 c4 19.Bxc4 Nb6 20.Ba2 exd5 21.Nxd5 Nxd5 
22.Bxd5 Red8 23.Rd3 Rac8 24.Qb3 Rd7 25.Red1 Rdc7 26.g3 Bf6 27.R1d2 Kg7 28.
Kg2 b6 29.h4 h5 30.Qa4 Rd8 31.e4 Qc5 32.Qd1 Qc1 33.Qe2 Re8 34.f4 Kh7 35.e5
Bg7 36.Bb3 Bf8 37.Kh2 Qc6 38.Bd5 Qb5 39.g4 hxg4 40.Qxg4 Bh6 41.h5 Qd7 42.
hxg6+ Kg7 43.f5 Rxe5 44.gxf7+ Kf8 45.Qg8+ Ke7 46.f8=Q+ Bxf8 47.Qf7+ 1-0

[Event "48th Reggio Emilia it"]
[Site "Reggio Emilia ITA"]
[Date "2006.01.04"]
[Round "7"]
[White "Fercec, Nenad"]
[Black "Vocaturo, Daniele"]
[Result "1/2-1/2"]
[WhiteElo "2512"]
[BlackElo "2364"]
[EventDate "2005.12.29"]
[PlyCount "62"]

1.e4 c5 2.Nf3 d6 3.d4 cxd4 4.Nxd4 Nf6 5.Nc3 g6 6.Be3 Bg7 7.f3 O-O 8.Qd2 
Nc6 9.O-O-O d5 10.Qe1 e5 11.Nxc6 bxc6 12.exd5 Nxd5 13.Bc4 Be6 14.Ne4 Qc7 
15.Bc5 Rfd8 16.Qh4 h6 17.g4 a5 18.g5 h5 19.a4 Nf4 20.Bxe6 Nxe6 21.Bd6 Qb6 
22.Rd3 Nf4 23.Rd2 Rxd6 24.Rxd6 Bf8 25.Rhd1 Bxd6 26.Rxd6 Qe3+ 27.Kb1 Qxf3 
28.Nf6+ Kg7 29.Qe1 Ne6 30.Qxe5 Qf1+ 31.Ka2 Qc4+ 1/2-1/2

[Event "48th Reggio Emilia it"]
[Site "Reggio Emilia ITA"]
[Date "2006.01.04"]
[Round "7"]
[White "Kotronias, Vasilios"]
[Black "Franchini, Gabriele"]
[Result "1-0"]
[WhiteElo "2626"]
[BlackElo "2315"]
[EventDate "2005.12.29"]
[PlyCount "83"]

1.e4 e6 2.d4 d5 3.Nd2 dxe4 4.Nxe4 Bd7 5.Nf3 Bc6 6.Neg5 Nd7 7.Nxf7 Kxf7 8.
Ng5+ Ke8 9.Bc4 Bxg2 10.Rg1 Bd5 11.Nxe6 Bb4+ 12.c3 Bxe6 13.Bxe6 Qe7 14.Rg3 
Qxe6+ 15.Re3 Qxe3+ 16.fxe3 Be7 17.e4 Bh4+ 18.Kd2 Ne7 19.Qh5+ Ng6 20.Kc2 
Rf8 21.Be3 Rf7 22.e5 Ndf8 23.d5 Rd8 24.e6 Rf6 25.Rd1 Nxe6 26.dxe6 Rxd1 27.
Kxd1 Rxe6 28.Bd4 Bf6 29.Bxf6 Rxf6 30.Qb5+ Kd8 31.Qxb7 Rb6 32.Qa8+ Kd7 33.
Kc2 Re6 34.Qd5+ Ke7 35.Qc5+ Kd7 36.Qd4+ Kc8 37.Qg4 Kd7 38.h4 Ne5 39.Qd4+ 
Kc8 40.Qxa7 Nc6 41.Qa6+ Kb8 42.Qb5+ 1-0

[Event "48th Reggio Emilia it"]
[Site "Reggio Emilia ITA"]
[Date "2006.01.04"]
[Round "7"]
[White "Piscopo, Pierluigi"]
[Black "Ronchetti, Niccolo"]
[Result "1/2-1/2"]
[WhiteElo "2399"]
[BlackElo "2402"]
[EventDate "2005.12.29"]
[PlyCount "37"]

1.e4 c5 2.Nf3 Nc6 3.Nc3 g6 4.Bc4 Bg7 5.O-O e6 6.Nb5 d6 7.d4 a6 8.d5 axb5 
9.Bxb5 Bd7 10.dxc6 bxc6 11.Be2 Qc7 12.c3 Ne7 13.e5 dxe5 14.Be3 Nd5 15.Bxc5
Ra5 16.Bb4 Ra7 17.Bc5 Ra5 18.Bb4 Ra7 19.Bc5 1/2-1/2